000 01181nam a2200265Ia 4500
003 PE SENCICO BE
005 20260309143110.0
008 200515s9999 xx 000 0 und d
020 _a958-648-322-3
040 _aPE SENCICO BE
_cPE SENCICO BE
041 _aspa
082 _a625.725
_bC26D
100 1 _aCárdenas Grisales, James
_9115
_eautor
245 1 0 _aDiseño geométrico de carreteras /
_cJames Cárdenas Grisales
250 _a1a ed.
260 _aBogotá, D.C. :
_bEcoe ediciones ;
_c2002
300 _a409 páginas :
_bilustraciones, tablas, gráficos ;
_c24 cm.
490 _aTextos Universitarios
505 0 _aLas carreteras -- Rutas y líneas de pendiente -- Diseño geométrico horizontal: planta -- Diseño geométrico vertical: rasante -- Diseño geométrico transversal: secciones, áreas y volúmenes
520 3 _aDescribe conceptos básicos, suficiente en la exposición de elementos teóricos fundamentales precisando en los criterios técnicos y científicos utilizados de modo didáctico
650 1 0 _aCarreteras
_9323
650 2 0 _aDiseño geométrico de carreteras
_9306
650 2 0 _aIngeniería de carreteras
_9307
942 _cLIB
_2ddc
999 _c1202
_d1202